|
|
|
|
| LEADER |
00000ny a22000003n 4500 |
| 005 |
20110615132317.0 |
| 008 |
081120s2008 sp 000 0 spa d |
| 020 |
|
|
|a 9788496782440
|
| 035 |
|
|
|a 3350
|
| 040 |
|
|
|a BUS
|d vLex
|
| 090 |
|
|
|c 713
|d 713
|
| 100 |
1 |
|
|a Da̕z Fraile, Juan Mara̕
|
| 245 |
1 |
3 |
|a La ejecucin̤ hipotecaria y del mercado secundario
|h [Recurso electrn̤ico]
|c Juan Mara̕ Da̕z Fraile
|
| 256 |
|
|
|a Servicio en ln̕ea
|
| 260 |
|
|
|a Madrid :
|b Colegio de registradores de la propiedad y Mercantiles de Espaą,
|c 2008
|
| 300 |
|
|
|a 217 p. ;
|c 18 cm
|
| 506 |
1 |
|
|a Contenido solo disponible en los productos indicados
|d vLex Global
|d vLex Global (Academic Edition, excluding Law Schools)
|d vLex Global (U.S. Academic Edition, Law Schools)
|d vLex Global (U.S. Academic Edition, excluding Law Schools)
|d vLex Global (Academic Edition, Law Schools)
|
| 650 |
0 |
7 |
|a Juicio ejecutivo
|2 Tesauro vLex
|
| 650 |
0 |
7 |
|a Juicios hipotecarios
|2 Tesauro vLex
|
| 740 |
0 |
|
|a vLex Libros (Servicios en ln̕ea)
|
| 856 |
4 |
0 |
|u http://vlex.com/source/3350
|z Acceso restringido
|
| 942 |
|
|
|c BOOK
|
| 999 |
0 |
|
|a Executions (Law)
|b Madrid
|